[Event "LEO-ch B"]
[Site "Gatineau CAN"]
[Date "2006.04.18"]
[Round "2"]
[White "Lacourse, Guy"]
[Black "Arsenault, Yves"]
[Result "1-0"]
[WhiteElo "1684"]
[BlackElo "1489"]
[PlyCount "63"]
[EventDate "2006.04.11"]
[EventType "swiss"]
[EventRounds "5"]
[EventCountry "CAN"]

1. d4 d5 2. c4 c6 3. cxd5 cxd5 4. Nc3 Nf6 5. Nf3 Nc6 6. g3 e6 7. Bg5 h6 8. Bxf6
Qxf6 9. e3 a6 10. Bg2 Bd7 11. O-O Bd6 12. e4 dxe4 13. Nxe4 Qe7 14. d5 exd5 15.
Qxd5 Bc7 16. Rfe1 Be6 17. Qc5 O-O-O 18. Qxe7 Nxe7 19. Nc5 Rd6 20. Nxe6 fxe6 21.
Bh3 Nf5 22. Rxe6 Rxe6 23. Bxf5 Rhe8 24. Nd4 g6 25. Bxe6+ Kb8 26. Bg4 Re4 27.
Ne6 Rxg4 28. Nxc7 Kxc7 29. Rc1+ Kb6 30. f4 Kb5 31. Kf2 g5 32. h3 1-0

[Event "LEO-ch B"]
[Site "Gatineau CAN"]
[Date "2006.04.14"]
[Round "2"]
[White "Lamothe, Luc"]
[Black "Kennedy, Phillip"]
[Result "0-1"]
[WhiteElo "1212"]
[BlackElo "1322"]
[PlyCount "73"]
[EventDate "2006.04.11"]
[EventType "swiss"]
[EventRounds "5"]
[EventCountry "CAN"]

1. d4 Nf6 2. c4 g6 3. Nc3 Bg7 4. Nf3 d5 5. Bg5 dxc4 6. Bxf6 Bxf6 7. e3 Bg4 8.
Bxc4 Nc6 9. O-O Qd7 10. Qb3 O-O 11. Qd1 e6 12. Be2 a6 13. Ne4 Bg7 14. Qd2 Bxf3
15. Bxf3 Ne7 16. Rac1 b6 17. Rc4 Nd5 18. Nc3 b5 19. Rc5 c6 20. Rc1 Rfc8 21. Bg4
f5 22. Bh3 Bf8 23. Nxd5 exd5 24. R5c2 a5 25. a3 Rc7 26. g3 b4 27. a4 b3 28. Rc5
Bxc5 29. Rxc5 Rca7 30. Qc3 Qb7 31. Bf1 Qb4 32. Qxb4 axb4 33. Rxc6 Rxa4 34. Rb6
Ra2 35. Rxb4 Rxb2 36. Bd3 Raa2 37. Kg2 0-1

[Event "LEO-ch B"]
[Site "Gatineau CAN"]
[Date "2006.04.18"]
[Round "2"]
[White "Pilon, Robert"]
[Black "Libersan, Mattieu"]
[Result "1/2-1/2"]
[WhiteElo "1521"]
[BlackElo "1871"]
[PlyCount "75"]
[EventDate "2006.04.11"]
[EventType "swiss"]
[EventRounds "5"]
[EventCountry "CAN"]

1. d4 Nf6 2. c4 e5 3. dxe5 Ne4 4. Qc2 d5 5. Nf3 Bf5 6. Qb3 Nc6 7. cxd5 Nb4 8.
e3 Nc5 9. Qc4 Nc2+ 10. Kd1 Nxa1 11. Nc3 Nc2 12. e4 Bg4 13. Kxc2 Bxf3 14. gxf3
Be7 15. Rg1 O-O 16. Bh6 g6 17. Bxf8 Bxf8 18. Qd4 Ne6 19. Qd2 Nc5 20. Qf4 Bg7
21. Qg5 Qxg5 22. Rxg5 h6 23. Rg2 Bxe5 24. Bc4 Kg7 25. b4 Nd7 26. Ne2 Nb6 27.
Bb3 a5 28. f4 Bf6 29. bxa5 Rxa5 30. e5 Be7 31. Nc3 Bb4 32. Rg3 Rc5 33. Rd3 Kf8
34. Kb2 Nc4+ 35. Kc2 Na3+ 36. Kb2 Nc4+ 37. Kc2 Na3+ 38. Kb2 1/2-1/2

[Event "LEO-ch B"]
[Site "Gatineau CAN"]
[Date "2006.04.25"]
[Round "3"]
[White "Arsenault, Yves"]
[Black "Baril Boudreau, Felix"]
[Result "0-1"]
[WhiteElo "1384"]
[BlackElo "1361"]
[PlyCount "118"]
[EventDate "2006.04.11"]
[EventType "swiss"]
[EventRounds "5"]
[EventCountry "CAN"]

1. e4 c6 2. d4 d5 3. e5 Bf5 4. c3 e6 5. Nf3 Nd7 6. Nbd2 c5 7. g3 cxd4 8. cxd4
Qa5 9. Qb3 Qb4 10. Qxb4 Bxb4 11. a3 Ba5 12. b4 Bb6 13. Nb3 Ne7 14. Bb5 a6 15.
Ba4 Be4 16. Ke2 Nf5 17. Rd1 h6 18. Nc5 Bxc5 19. bxc5 Ke7 20. Ne1 Nxd4+ 21. Rxd4
Nxc5 22. Bd1 Rhc8 23. a4 a5 24. Ba3 Kd7 25. Rc1 b6 26. f3 Bh7 27. Rf4 Ke8 28.
Bxc5 bxc5 29. Nc2 Bxc2 30. Bxc2 Rab8 31. h4 Rb4 32. Rxb4 axb4 33. a5 Ra8 34.
Ra1 Kd8 35. Kd2 Kc7 36. Ra4 g6 37. Bd1 Kc6 38. Be2 Rb8 39. a6 c4 40. a7 Ra8 41.
Rxb4 Rxa7 42. Rb8 Kc5 43. f4 Kd4 44. Bd1 c3+ 45. Kc2 Ra2+ 46. Kb1 Rg2 47. g4
Ke3 48. f5 gxf5 49. gxf5 exf5 50. Rf8 Rg7 51. Bb3 Kd2 52. Rc8 d4 53. Rc4 d3 54.
Ba4 Rg1+ 55. Ka2 c2 56. Bxc2 dxc2 57. Rd4+ Ke3 58. Rb4 c1=Q 59. Rb3+ Kd4 0-1

[Event "LEO-ch B"]
[Site "Gatineau CAN"]
[Date "2006.04.25"]
[Round "3"]
[White "Libersan, Mattieu"]
[Black "Maisonneuve, Paul"]
[Result "1-0"]
[WhiteElo "1871"]
[BlackElo "1542"]
[PlyCount "63"]
[EventDate "2006.04.11"]
[EventType "swiss"]
[EventRounds "5"]
[EventCountry "CAN"]

1. e4 d6 2. d4 Nf6 3. Nc3 g6 4. Bc4 Bg7 5. Qe2 Nc6 6. Nf3 O-O 7. e5 Nd7 8. e6
Nb6 9. exf7+ Kh8 10. Be6 Bxe6 11. Qxe6 Qd7 12. d5 Nd8 13. Qe4 Nxf7 14. Be3 Ne5
15. Nxe5 Bxe5 16. Bd4 Qf5 17. Bxe5+ Qxe5 18. Qxe5+ dxe5 19. O-O Rad8 20. Rad1
a6 21. Rfe1 Rf5 22. f4 exf4 23. Rxe7 Rd7 24. Rxd7 Nxd7 25. d6 cxd6 26. Rxd6 Nc5
27. b4 f3 28. bxc5 Rxc5 29. Ne4 Rxc2 30. gxf3 Rxa2 31. Rd7 b5 32. Nf6 1-0

[Event "LEO-ch B"]
[Site "Gatineau CAN"]
[Date "2006.04.25"]
[Round "3"]
[White "Scantland, Patrick"]
[Black "Lacourse, Guy"]
[Result "0-1"]
[WhiteElo "1640"]
[BlackElo "1684"]
[PlyCount "116"]
[EventDate "2006.04.11"]
[EventType "swiss"]
[EventRounds "5"]
[EventCountry "CAN"]

1. Nf3 Nf6 2. c4 c5 3. Nc3 g6 4. e4 Nc6 5. d3 Bg7 6. h3 d6 7. Be3 e5 8. Be2 Nd4
9. Qd2 a6 10. Bd1 O-O 11. O-O Nxf3+ 12. Bxf3 Ne8 13. Nd5 Be6 14. b4 Bxd5 15.
cxd5 b6 16. bxc5 bxc5 17. Rfb1 Nc7 18. a4 a5 19. Ra3 Na6 20. Rab3 Nb4 21. Bd1
f5 22. Qe2 f4 23. Bd2 h5 24. f3 Bf6 25. R3b2 Bh4 26. Bb3 Kh7 27. Bc4 Rg8 28.
Bxb4 cxb4 29. Rc2 Qb6+ 30. Kf1 Rac8 31. Rbc1 Qd4 32. Qd1 Kh6 33. Rb1 Bg3 34.
Qe2 Rc5 35. Rcb2 Rgc8 36. Rb3 g5 37. Qb2 Qxb2 38. R3xb2 g4 39. Ra1 Kg5 40. Ke2
gxh3 41. gxh3 Bh4 42. Rg1+ Kf6 43. Rg2 R5c7 44. Rb1 Rg7 45. Rbg1 Bg3 46. Kd2
Rcg8 47. Ke2 Kg5 48. d4 Kf6 49. dxe5+ Kxe5 50. Kd3 Rc7 51. Rb1 h4 52. Rb3 Rgg7
53. Rb1 Rc5 54. Rb3 Rgc7 55. Rc2 Be1 56. Rb1 Bc3 57. Rg1 Rxc4 58. Rg5+ Kf6 0-1

[Event "LEO-ch B"]
[Site "Gatineau CAN"]
[Date "2006.05.02"]
[Round "4"]
[White "Guimond, Michel"]
[Black "Ralchenko, Maxim"]
[Result "1-0"]
[WhiteElo "1805"]
[BlackElo "1592"]
[PlyCount "37"]
[EventDate "2006.04.11"]
[EventType "swiss"]
[EventRounds "5"]
[EventCountry "CAN"]

1. e4 e5 2. c4 Bc5 3. g3 Nf6 4. d3 d6 5. h3 Nc6 6. Bg2 h6 7. Ne2 Be6 8. O-O Qd7
9. Kh2 Nh7 10. f4 f6 11. f5 Bf7 12. a3 Nd4 13. b4 Nxe2 14. Qxe2 Bd4 15. Bb2
Bxb2 16. Qxb2 Ng5 17. a4 Qe7 18. b5 g6 19. a5 1-0

[Event "LEO-ch B"]
[Site "Gatineau CAN"]
[Date "2006.05.02"]
[Round "4"]
[White "Lacourse, Guy"]
[Black "Libersan, Mattieu"]
[Result "0-1"]
[WhiteElo "1684"]
[BlackElo "1871"]
[PlyCount "26"]
[EventDate "2006.04.11"]
[EventType "swiss"]
[EventRounds "5"]
[EventCountry "CAN"]

1. c4 Nf6 2. Nc3 g6 3. Nf3 Bg7 4. g3 O-O 5. Bg2 d6 6. O-O c6 7. d3 e5 8. Ne1
Nbd7 9. Bd2 Re8 10. Nc2 Nf8 11. b4 Ne6 12. Rb1 d5 13. Bg5 Nxg5 0-1

[Event "LEO-ch B"]
[Site "Gatineau CAN"]
[Date "2006.05.09"]
[Round "5"]
[White "Arsenault, Yves"]
[Black "Levesque, Andre"]
[Result "0-1"]
[WhiteElo "1484"]
[BlackElo "1384"]
[PlyCount "68"]
[EventDate "2006.04.11"]
[EventType "swiss"]
[EventRounds "5"]
[EventCountry "CAN"]

1. e4 c5 2. Nf3 Nc6 3. Bc4 g6 4. c3 Bg7 5. d4 cxd4 6. cxd4 e6 7. Nc3 Nge7 8.
O-O O-O 9. Be3 a6 10. a4 d6 11. Rb1 d5 12. Bd3 dxe4 13. Bxe4 f5 14. Bxc6 Nxc6
15. d5 Ne5 16. Ng5 f4 17. Nxe6 Bxe6 18. Bc5 Bf5 19. Bxf8 Bxb1 20. Bxg7 Kxg7 21.
Qxb1 Qg5 22. f3 Nc4 23. Ne4 Qxd5 24. Rd1 Qe6 25. b3 Ne3 26. Qb2+ Kh6 27. Rd6
Qf5 28. Rf6 Qa5 29. Qf2 Rc8 30. Qh4+ Kg7 31. Rf7+ Kxf7 32. Nd6+ Kg7 33. Nxc8
Qc7 34. Ne7 Qc1+ 0-1

[Event "LEO-ch B"]
[Site "Gatineau CAN"]
[Date "2006.05.09"]
[Round "5"]
[White "Baril Boudreau, Felix"]
[Black "Maisonneuve, Paul"]
[Result "0-1"]
[WhiteElo "1361"]
[BlackElo "1542"]
[PlyCount "51"]
[EventDate "2006.04.11"]
[EventType "swiss"]
[EventRounds "5"]
[EventCountry "CAN"]

1. e4 d6 2. d4 Nf6 3. Nc3 g6 4. Nf3 Bg7 5. Bc4 O-O 6. h3 Nxe4 7. Nxe4 d5 8.
Bxd5 Qxd5 9. Nc3 Qd8 10. O-O Nd7 11. Bf4 Nf6 12. Ne5 c6 13. Re1 Be6 14. Na4 b6
15. c4 Rc8 16. Qf3 Nh5 17. Nxc6 Rxc6 18. Qxc6 Bd7 19. Qe4 Bxa4 20. Qd5 Qb8 21.
Qe4 Qxf4 22. Qxf4 Nxf4 23. Re4 a5 24. g3 Ra8 25. Re3 Bxd4 26. Rb3 0-1

[Event "LEO-ch B"]
[Site "Gatineau CAN"]
[Date "2006.05.10"]
[Round "5"]
[White "Beland, Guy"]
[Black "Lacourse, Guy"]
[Result "1/2-1/2"]
[WhiteElo "1436"]
[BlackElo "1684"]
[PlyCount "132"]
[EventDate "2006.04.11"]
[EventType "swiss"]
[EventRounds "5"]
[EventCountry "CAN"]

1. e4 c5 2. Nf3 d6 3. d4 cxd4 4. Nxd4 Nf6 5. Nc3 a6 6. Bd3 e5 7. Nf5 Be6 8. O-O
Nbd7 9. Bg5 h6 10. Be3 g6 11. Ng3 h5 12. h4 Ng4 13. Bg5 Be7 14. Qd2 f6 15. f3
fxg5 16. fxg4 gxh4 17. Nf5 gxf5 18. exf5 Bg5 19. Qe2 Bf7 20. Ne4 O-O 21. gxh5
d5 22. f6 Bh6 23. Qg4+ Kh8 24. Ng5 Nxf6 25. Nxf7+ Rxf7 26. Qg6 Be3+ 27. Kh1 Qg8
28. Rxf6 Rxf6 29. Qxf6+ Qg7 30. Rf1 Bf4 31. Qxh4 Rg8 32. Bg6 Rf8 33. Qh3 Bg5
34. Rxf8+ Qxf8 35. Qd3 Qf4 36. g3 Qc1+ 37. Kh2 Qd2+ 38. Qxd2 Bxd2 39. g4 Bc1
40. b3 Kg7 41. Kg2 Kf6 42. Kf1 e4 43. Ke2 Ke5 44. Kd1 Bf4 45. Bf5 d4 46. Ke2 b6
47. a4 a5 48. Bc8 Bg5 49. Bb7 Kf4 50. Bc8 Kg3 51. Bf5 e3 52. Be4 Kxg4 53. Bf3+
Kf4 54. Bh1 Bh6 55. Bf3 Bg7 56. Bh1 Kg3 57. Bf3 Kh4 58. Kd3 Kg5 59. Kc4 Kf4 60.
Be2 Kg3 61. b4 Kf2 62. Kd3 axb4 63. Bd1 Ke1 64. Bg4 Kf2 65. Be2 Kg3 66. Bd1 Kf2
1/2-1/2

[Event "LEO-ch B"]
[Site "Gatineau CAN"]
[Date "2006.05.09"]
[Round "5"]
[White "Libersan, Mattieu"]
[Black "Guimond, Michel"]
[Result "1-0"]
[WhiteElo "1871"]
[BlackElo "1805"]
[PlyCount "155"]
[EventDate "2006.04.11"]
[EventType "swiss"]
[EventRounds "5"]
[EventCountry "CAN"]

1. e4 g6 2. d4 Bg7 3. Nc3 d6 4. Bc4 Nc6 5. Nf3 e6 6. Bg5 Nge7 7. Qd2 h6 8. Be3
f5 9. exf5 Nxf5 10. O-O-O O-O 11. h4 Nxe3 12. Qxe3 d5 13. Bd3 Qf6 14. h5 g5 15.
Rhf1 Bd7 16. Bg6 g4 17. Nh2 Nxd4 18. Nxg4 Qf4 19. Qxf4 Rxf4 20. f3 b5 21. Rfe1
Nc6 22. Ne4 Na5 23. Nc5 Nc4 24. Nxd7 Bxb2+ 25. Kb1 Bc3 26. Rxe6 Na3+ 27. Kc1
Rb4 28. Nxh6+ Kg7 29. Re7+ Kxh6 30. Rh7+ Kg5 31. Rxd5+ Kh4 32. Kd1 Nc4 33. Re7
Rb1+ 34. Ke2 Re1+ 35. Kd3 Rxe7 36. Kxc3 c6 37. Rd4+ Kg3 38. Rg4+ Kf2 39. Nc5
Re3+ 40. Nd3+ Kg1 41. h6 Ne5 42. Rg5 Nxg6 43. Rxg6 c5 44. Kd2 Rae8 45. Nf4 c4
46. c3 Kf2 47. h7 Rd8+ 48. Kc2 Ree8 49. Rg7 a6 50. Kb2 a5 51. Kc2 Ke1 52. Rb7
Rd2+ 53. Kc1 b4 54. cxb4 Rxa2 55. bxa5 Rd8 56. Re7+ Kf1 57. Rc7 Re8 58. Kb1
Rxa5 59. Ng6 Raa8 60. g4 Re1+ 61. Kc2 Re2+ 62. Kc3 Re3+ 63. Kxc4 Rxf3 64. Kd5
Rh3 65. h8=Q Rhxh8 66. Nxh8 Rxh8 67. Ke5 Rf8 68. Rc2 Rf3 69. g5 Rf8 70. g6 Rf3
71. g7 Rg3 72. Kf6 Rf3+ 73. Ke7 Rg3 74. Kf8 Rf3+ 75. Kg8 Rf4 76. Rh2 Kg1 77.
Rh6 Ra4 78. Kh8 1-0

[Event "LEO-ch B"]
[Site "Gatineau CAN"]
[Date "2006.05.13"]
[Round "6"]
[White "Desjardins, Michel"]
[Black "Libersan, Mattieu"]
[Result "0-1"]
[WhiteElo "1908"]
[BlackElo "1871"]
[PlyCount "56"]
[EventDate "2006.04.11"]
[EventType "swiss"]
[EventRounds "5"]
[EventCountry "CAN"]

1. e4 e5 2. Nc3 Nf6 3. Bc4 Bc5 4. d3 Nc6 5. f4 exf4 6. Nf3 d6 7. Bxf4 Bg4 8.
Na4 Bd4 9. h3 Bxf3 10. Qxf3 Ne5 11. Bxe5 Bxe5 12. O-O O-O 13. Nc3 c6 14. Kh1
Qb6 15. Rab1 Rad8 16. Bb3 Qc5 17. Ne2 d5 18. exd5 Nxd5 19. c3 Bc7 20. g4 Qd6
21. Rf2 Rd7 22. Nd4 g6 23. Rg1 Re8 24. Nf5 gxf5 25. gxf5+ Kh8 26. f6 Rdd8 27.
Rg7 Re1+ 28. Rf1 Qh2# 0-1

[Event "LEO-ch B"]
[Site "Gatineau CAN"]
[Date "2006.05.13"]
[Round "6"]
[White "Guimond, Michel"]
[Black "Lacourse, Guy"]
[Result "1-0"]
[WhiteElo "1809"]
[BlackElo "1684"]
[PlyCount "59"]
[EventDate "2006.04.11"]
[EventType "swiss"]
[EventRounds "5"]
[EventCountry "CAN"]

1. e4 c5 2. Nf3 d6 3. d4 cxd4 4. Nxd4 Nf6 5. Nc3 a6 6. Bc4 e6 7. Bb3 Be7 8. f4
Nc6 9. Be3 Qc7 10. Qf3 Nxd4 11. Bxd4 e5 12. Be3 Be6 13. f5 Bc4 14. O-O-O b5 15.
g4 h6 16. Rd2 Bxb3 17. axb3 Rb8 18. h4 b4 19. Na4 Nd7 20. Rdh2 Kd8 21. g5 h5
22. Rd2 Kc8 23. Rhd1 f6 24. Qe2 Rb5 25. Kb1 Kb7 26. c4 Rc5 27. Nxc5+ Nxc5 28.
Rd5 Nxb3 29. c5 Qa5 30. c6+ 1-0

[Event "LEO-ch B"]
[Site "Gatineau CAN"]
[Date "2006.05.13"]
[Round "6"]
[White "Levesque, Andre"]
[Black "Blouin, Francois"]
[Result "0-1"]
[WhiteElo "1308"]
[BlackElo "1576"]
[PlyCount "50"]
[EventDate "2006.04.11"]
[EventType "swiss"]
[EventRounds "5"]
[EventCountry "CAN"]

1. e4 e6 2. d4 d5 3. Nc3 Bb4 4. exd5 exd5 5. Bd2 Nf6 6. Nf3 O-O 7. Be2 Bg4 8.
O-O Nbd7 9. a3 Bd6 10. Bg5 Re8 11. Nxd5 c6 12. Ne3 Qc7 13. g3 Bh3 14. Re1 h6
15. Bxf6 Nxf6 16. Bf1 Be6 17. Bd3 g6 18. Qd2 Kg7 19. c4 Rad8 20. b4 Bh3 21. Nh4
Ne4 22. Qc2 f5 23. Nhg2 Ng5 24. Qd2 Re7 25. c5 Bxc5 0-1

[Event "LEO-ch B"]
[Site "Gatineau CAN"]
[Date "2006.05.13"]
[Round "6"]
[White "Maisonneuve, Paul"]
[Black "Pilon, Robert"]
[Result "1-0"]
[WhiteElo "1542"]
[BlackElo "1527"]
[PlyCount "75"]
[EventDate "2006.04.11"]
[EventType "swiss"]
[EventRounds "5"]
[EventCountry "CAN"]

1. d4 Nf6 2. Bf4 d5 3. e3 Bf5 4. Nf3 e6 5. Nbd2 Bd6 6. Nh4 Bxf4 7. Nxf5 Bd6 8.
Nxd6+ Qxd6 9. Bd3 Nbd7 10. O-O h5 11. c3 Ng4 12. g3 f5 13. h3 Ngf6 14. Nf3
O-O-O 15. c4 Ne4 16. c5 Qc6 17. b4 a6 18. a4 b5 19. cxb6 Qxb6 20. Qb3 g5 21.
Bxe4 fxe4 22. Nd2 g4 23. h4 Nb8 24. b5 a5 25. Rac1 Kb7 26. Rc5 Rc8 27. Qc3 Rh7
28. Nb3 Rd7 29. Nxa5+ Ka7 30. Nc6+ Nxc6 31. Rxc6 Qb7 32. Rc1 Kb8 33. Rxe6 Rdd8
34. Qc5 Re8 35. Rc6 Red8 36. a5 Rd7 37. Rh6 Qa7 38. Rb6+ 1-0

[Event "LEO-ch B"]
[Site "Gatineau CAN"]
[Date "2006.05.13"]
[Round "6"]
[White "Scantland, Patrick"]
[Black "Laurin, Marcel"]
[Result "0-1"]
[WhiteElo "1640"]
[BlackElo "1720"]
[PlyCount "82"]
[EventDate "2006.04.11"]
[EventType "swiss"]
[EventRounds "5"]
[EventCountry "CAN"]

1. Nf3 b6 2. e4 Bb7 3. Nc3 g6 4. d4 Bg7 5. Bc4 e6 6. O-O a6 7. Re1 d6 8. Bg5
Qd7 9. e5 d5 10. Bd3 h6 11. Bh4 Nc6 12. a3 g5 13. Bg3 g4 14. Nh4 h5 15. Ne2
O-O-O 16. c3 Nce7 17. b4 Nh6 18. f4 gxf3 19. Nxf3 Nhf5 20. Ng5 Rdf8 21. Nf4 h4
22. Bf2 Bh6 23. Ngh3 Bxf4 24. Nxf4 Ng7 25. Qe2 Rfg8 26. Bxa6 Nef5 27. Bxb7+
Kxb7 28. c4 dxc4 29. Qxc4 Nh5 30. Nxh5 Rxh5 31. Rad1 Rhg5 32. d5 Rxg2+ 33. Kf1
Rxh2 34. dxe6 Rh1+ 35. Ke2 Rxe1+ 36. Kxe1 Qxe6 37. Qe4+ Kb8 38. Kf1 Ng3+ 39.
Bxg3 hxg3 40. Kg2 Qa2+ 41. Kg1 Qf2+ 0-1

[Event "Labour Day op"]
[Site "Langley BC CAN"]
[Date "2006.09.02"]
[Round "1"]
[White "Firor, Jon"]
[Black "Sabaratnam, Thiruvaran"]
[Result "1-0"]
[WhiteElo "1792"]
[BlackElo "1246"]
[PlyCount "81"]
[EventDate "2006.09.02"]
[EventType "swiss"]
[EventRounds "6"]
[EventCountry "CAN"]

1. e4 e5 2. Nf3 Nc6 3. Bc4 Bc5 4. b4 Bb6 5. c3 Nf6 6. d3 h6 7. a4 a6 8. O-O d6
9. Qb3 O-O 10. h3 Bd7 11. Be3 Bxe3 12. fxe3 Qe7 13. Nbd2 Be6 14. Bd5 Rfe8 15.
b5 axb5 16. Qxb5 Qd7 17. Bxe6 fxe6 18. d4 exd4 19. exd4 Kh8 20. Rfb1 Red8 21.
a5 d5 22. Ne5 Nxe5 23. dxe5 Nxe4 24. Qxd7 Rxd7 25. Nxe4 dxe4 26. Rxb7 Ra6 27.
c4 Kg8 28. Kf2 Kf7 29. Ke3 Kg6 30. Kxe4 Rf7 31. Ra2 c5 32. Rxf7 Kxf7 33. Kf4
Kg6 34. Kg4 Kf7 35. Kh5 Kf8 36. Kg6 Kg8 37. Rb2 Ra8 38. a6 Kf8 39. Rb6 Kg8 40.
a7 Kf8 41. Rb7 1-0

[Event "Labour Day op"]
[Site "Langley BC CAN"]
[Date "2006.09.02"]
[Round "1"]
[White "Han, Yifei"]
[Black "Steinmetz, Fred"]
[Result "1-0"]
[WhiteElo "1408"]
[BlackElo "1433"]
[PlyCount "73"]
[EventDate "2006.09.02"]
[EventType "swiss"]
[EventRounds "6"]
[EventCountry "CAN"]

1. e4 e5 2. Nf3 Nc6 3. Bb5 Nge7 4. c3 d6 5. d4 Bd7 6. O-O exd4 7. cxd4 Nb8 8.
Bc4 h6 9. Qb3 Qc8 10. Bxf7+ Kd8 11. d5 g5 12. Nd4 Rh7 13. Be6 Ng6 14. Qf3 Re7
15. Bxd7 Qxd7 16. Qf6 Qe8 17. Nf5 Qf7 18. Qxf7 Rxf7 19. f4 gxf4 20. Bxf4 Nxf4
21. Rxf4 Bg7 22. Nxg7 Rxf4 23. Ne6+ Ke7 24. Nxf4 Nd7 25. Nd3 Nf6 26. Nc3 c6 27.
h3 Kd7 28. Rf1 Ke7 29. Kh2 Rg8 30. Rf5 Rg5 31. Rxg5 hxg5 32. g3 Nd7 33. Kg2 Ne5
34. Nxe5 dxe5 35. dxc6 bxc6 36. Kf3 Ke6 37. b4 1-0

[Event "Labour Day op"]
[Site "Langley BC CAN"]
[Date "2006.09.02"]
[Round "1"]
[White "Moore, David"]
[Black "Sullivan, Brian"]
[Result "1-0"]
[WhiteElo "1980"]
[BlackElo "1605"]
[PlyCount "89"]
[EventDate "2006.09.02"]
[EventType "swiss"]
[EventRounds "6"]
[EventCountry "CAN"]

1. e4 c5 2. Nf3 d6 3. d4 cxd4 4. Nxd4 a6 5. c4 Nf6 6. Nc3 g6 7. Be2 Bg7 8. O-O
O-O 9. Be3 Nbd7 10. Qd2 Ne5 11. f3 Nc6 12. Rfd1 Bd7 13. Kh1 Nxd4 14. Bxd4 Rc8
15. Rab1 Be6 16. b3 Rc6 17. Nd5 Bxd5 18. exd5 Rc8 19. Re1 Qd7 20. Bf1 Qf5 21.
Bd3 Qd7 22. Qg5 Rfe8 23. Re2 Nh5 24. Bxg7 Nxg7 25. Rbe1 Rc7 26. g4 e5 27. h4 h5
28. Rh2 Qe7 29. Qh6 Qf6 30. Be4 Qf4 31. Qxf4 exf4 32. Rhe2 Rce7 33. Bd3 Kf8 34.
Rxe7 Rxe7 35. Rxe7 Kxe7 36. Kg2 Kf6 37. Be4 Ke5 38. b4 hxg4 39. c5 f5 40. c6
Ne8 41. cxb7 fxe4 42. b8=Q exf3+ 43. Kf2 Nf6 44. Qh8 Kf5 45. Qc8+ 1-0

[Event "Labour Day op"]
[Site "Langley BC CAN"]
[Date "2006.09.02"]
[Round "1"]
[White "Nan, Roxana"]
[Black "Steinke, Wally"]
[Result "1/2-1/2"]
[WhiteElo "1605"]
[BlackElo "1727"]
[PlyCount "56"]
[EventDate "2006.09.02"]
[EventType "swiss"]
[EventRounds "6"]
[EventCountry "CAN"]

1. e4 c5 2. Nf3 Nc6 3. d4 cxd4 4. Nxd4 g6 5. Nc3 Bg7 6. Be3 Nf6 7. Bc4 O-O 8.
Bb3 Ng4 9. Nd5 Nxe3 10. fxe3 e6 11. Nf4 Na5 12. Nfe2 Nxb3 13. axb3 b6 14. h4 h5
15. g4 hxg4 16. Ng3 f5 17. exf5 exf5 18. Ndxf5 Bb7 19. Qxg4 Bxh1 20. Qxg6 Qf6
21. Qxf6 Rxf6 22. Nxg7 Kxg7 23. Nxh1 Rf3 24. Ke2 Rh3 25. Nf2 Rxh4 26. Kd3 d5
27. Nd1 a5 28. Nc3 Rd8 1/2-1/2

[Event "Labour Day op"]
[Site "Langley BC CAN"]
[Date "2006.09.02"]
[Round "1"]
[White "Paulson, Stewart"]
[Black "Spaan, Richard"]
[Result "0-1"]
[WhiteElo "1579"]
[BlackElo "1854"]
[PlyCount "54"]
[EventDate "2006.09.02"]
[EventType "swiss"]
[EventRounds "6"]
[EventCountry "CAN"]

1. d4 Nf6 2. Nf3 e6 3. Bg5 b6 4. e3 Bb7 5. Bd3 Be7 6. Nbd2 O-O 7. c3 d6 8. h3
Nbd7 9. e4 c5 10. O-O Qc7 11. Re1 Rfe8 12. e5 dxe5 13. dxe5 Nd5 14. Bxe7 Rxe7
15. Nc4 Rd8 16. Qc2 h6 17. Rad1 Nf4 18. Bf1 Nxh3+ 19. gxh3 Bxf3 20. Rd3 Qc6 21.
Rd6 Qc7 22. Qd3 Bd5 23. Qg3 b5 24. Ne3 Bc6 25. Ng4 Kh8 26. Bd3 f5 27. Rd1 fxg4
0-1

[Event "Labour Day op"]
[Site "Langley BC CAN"]
[Date "2006.09.02"]
[Round "1"]
[White "Waters, John"]
[Black "Parker, Dylan"]
[Result "0-1"]
[WhiteElo "1145"]
[BlackElo "1363"]
[PlyCount "26"]
[EventDate "2006.09.02"]
[EventType "swiss"]
[EventRounds "6"]
[EventCountry "CAN"]

1. e4 e5 2. f3 Nf6 3. Nh3 Nc6 4. Nc3 Bc5 5. Bc4 O-O 6. Rg1 Bxg1 7. d3 Bd4 8.
Nd5 Nxd5 9. exd5 Na5 10. c3 Bb6 11. b4 Nxc4 12. dxc4 Qh4+ 13. Nf2 Qxf2# 0-1

[Event "Labour Day op"]
[Site "Langley BC CAN"]
[Date "2006.09.02"]
[Round "1.4"]
[White "Trotter, Don"]
[Black "Burke, Paul"]
[Result "1/2-1/2"]
[WhiteElo "1686"]
[BlackElo "1989"]
[PlyCount "132"]
[EventDate "2006.09.02"]
[EventType "swiss"]
[EventRounds "6"]
[EventCountry "CAN"]

1. d4 Nf6 2. Nf3 e6 3. e3 b6 4. Bd3 Bb7 5. Nbd2 d6 6. O-O Be7 7. Re1 Nbd7 8. e4
e5 9. c3 O-O 10. Nf1 Nh5 11. Bc2 Nf4 12. dxe5 dxe5 13. Bxf4 exf4 14. Qd3 Nc5
15. Qe2 a5 16. N1d2 Ba6 17. c4 Ne6 18. Rad1 Qe8 19. e5 b5 20. Qe4 g6 21. cxb5
Bxb5 22. Nb3 Bb4 23. Nbd2 Rd8 24. a3 Bc6 25. Qe2 Bxf3 26. gxf3 Bxd2 27. Rxd2
Rxd2 28. Qxd2 Qb5 29. b4 axb4 30. Qxb4 Qxb4 31. axb4 Rb8 32. Re4 Rd8 33. Kg2
Nd4 34. Ba4 g5 35. Re1 Kf8 36. Rc1 Ra8 37. Bd7 Ra7 38. b5 Ke7 39. Bc6 Ke6 40.
Rc5 Nxc6 41. bxc6 Ra2 42. Kf1 Rd2 43. Rb5 Rc2 44. Rb8 Kxe5 45. Rh8 Rxc6 46.
Rxh7 f6 47. h4 Rc1+ 48. Kg2 gxh4 49. Rxh4 c5 50. Rh5+ f5 51. Rh8 c4 52. Re8+
Kf6 53. Rf8+ Ke6 54. Re8+ Kf7 55. Rc8 c3 56. Rc4 c2 57. Kh2 Ke6 58. Kg2 Kd5 59.
Rc8 Kd4 60. Rd8+ Kc3 61. Rc8+ Kd4 62. Rd8+ Kc5 63. Rc8+ Kd6 64. Rc3 Ke6 65. Rc7
Kd6 66. Rc3 Kd5 1/2-1/2

[Event "Labour Day op"]
[Site "Langley BC CAN"]
[Date "2006.09.02"]
[Round "1.6"]
[White "Fletcher, Christopher"]
[Black "Neufahrt, Gerhard"]
[Result "0-1"]
[WhiteElo "1613"]
[BlackElo "1988"]
[PlyCount "48"]
[EventDate "2006.09.02"]
[EventType "swiss"]
[EventRounds "6"]
[EventCountry "CAN"]

1. e4 e5 2. Nf3 Nc6 3. Bb5 Nd4 4. Bc4 Nxf3+ 5. Qxf3 Nf6 6. O-O Be7 7. Nc3 d6 8.
h3 g5 9. Nd5 g4 10. Nxf6+ Bxf6 11. hxg4 Rg8 12. g5 Rxg5 13. d4 Rg6 14. dxe5
dxe5 15. Rd1 Qe7 16. Qc3 Bg5 17. Bb5+ c6 18. Bxc6+ Rxc6 19. Qg3 Rg6 20. Qd3 Bg4
21. Qb5+ Kf8 22. Rd5 Bxc1 23. Rxc1 Bf3 24. g3 Rh6 0-1

[Event "Labour Day op"]
[Site "Langley BC CAN"]
[Date "2006.09.02"]
[Round "1.11"]
[White "Goodman, Kevin"]
[Black "Han, Yiming"]
[Result "0-1"]
[WhiteElo "1841"]
[BlackElo "1330"]
[PlyCount "114"]
[EventDate "2006.09.02"]
[EventType "swiss"]
[EventRounds "6"]
[EventCountry "CAN"]

1. d4 d5 2. c4 e6 3. Nc3 Nf6 4. Nf3 Be7 5. Bg5 O-O 6. e3 h6 7. Bh4 b6 8. Bd3
Bb7 9. O-O Nbd7 10. cxd5 Nxd5 11. Bxe7 Qxe7 12. Nxd5 Bxd5 13. e4 Bb7 14. Re1
Qf6 15. b4 a6 16. Rc1 Rfc8 17. Qb3 e5 18. d5 c5 19. dxc6 Bxc6 20. Bxa6 Rxa6 21.
b5 Raa8 22. bxc6 Rxc6 23. Qd5 Rac8 24. Rxc6 Qxc6 25. g3 Qxd5 26. exd5 f6 27.
Re2 Rc3 28. Kg2 Kf7 29. Rd2 Ke7 30. Nh4 Kf7 31. Nf5 h5 32. Ne3 g6 33. Nd1 Rc4
34. f4 e4 35. f5 gxf5 36. Ne3 Kg6 37. Rf2 Ne5 38. Nxf5 Ng4 39. Rf4 Rc2+ 40. Kg1
Nxh2 41. Nh4+ Kf7 42. Rxe4 Ng4 43. a4 Rd2 44. Rb4 Rd1+ 45. Kg2 Ne3+ 46. Kf3
Nxd5 47. Rb5 Ke6 48. Ng2 Rf1+ 49. Ke2 Ra1 50. Nf4+ Nxf4+ 51. gxf4 Rxa4 52.
Rxb6+ Kf5 53. Kf3 Rxf4+ 54. Kg3 Rg4+ 55. Kh3 Kg5 56. Rb5+ f5 57. Rb8 Rh4+ 0-1